Statistics for World Leaders - North and South America

Click here to take the quiz!

General Stats

  • This quiz has been taken 14 times
  • The average score is 12 of 35

Answer Stats

CountryLeader% Correct
United StatesBarack Obama
100%
BrazilDilma Rousseff
79%
CanadaJustin Trudeau
79%
ChileMichele Bachelet
79%
VenezuelaNicolás Maduro
79%
CubaRaúl Castro
79%
MexicoEnrique Peña Nieto
64%
BoliviaEvo Morales
64%
ArgentinaCristina Fernández de Kirchner
57%
ColombiaJosé Manuel Santos
50%
EcuadorRafael Correa
50%
SurinameDési Bouterse
43%
ParaguayHoracio Cartes
43%
PeruOllanta Humala
43%
NicaraguaDaniel Ortega
36%
GuyanaDavid Granger
36%
UruguayTabaré Vázquez
29%
HondurasJuan Orlando Hernández
21%
JamaicaPortia Simpson-Miller
21%
Dominican RepublicDanilo Medina
14%
HaitiMichel Martelly
14%
GuatemalaAlejandro Maldonado
7%
BelizeDean Barrow
7%
BarbadosFreundel Stuart
7%
Antigua and BarbudaGaston Browne
7%
PanamaJuan Carlos Varela
7%
GrenadaKeith Mitchell
7%
Trinidad and TobagoKeith Rowley
7%
St. LuciaKenny Anthony
7%
Costa RicaLuis Guillermo Solís
7%
BahamasPerry Christie
7%
St. Vincent and the GrenadinesRalph Gonsalves
7%
DominicaRoosevelt Skerrit
7%
El SalvadorSalvador Sánchez Cerén
7%
St. Kitts and NevisTimothy Harris
7%

Score Distribution

Percentile by Number Answered

Percent of People with Each Score

Your Score History

You have not taken this quiz